Ernesto /

সংরক্ষণ করুন:
গ্রন্থ-পঞ্জীর বিবরন
প্রধান লেখক: Saba, Umberto (লেখক)
বিন্যাস: গ্রন্থ
ভাষা:ইতালিয়
প্রকাশিত: Torino, Einaudi, 1976
সংস্করন:2. ed
মালা:Einaudi letteratura ; 46
ট্যাগগুলো: ট্যাগ যুক্ত করুন
কোনো ট্যাগ নেই, প্রথমজন হিসাবে ট্যাগ করুন!

MARC

LEADER 00000nam a22000007i 4500
001 IT\ICCU\PUV\0545248
003 ItRI
005 20241231143404.0
008 000427s1976 it |||||| ||||| |||||c
040 |b ita  |c ARCIGAY RIMINI 
041 7 |a ita  |2 ISO-639-2 
100 1 |a Saba, Umberto  |0 IT\ICCU\CFIV\005845  |4 aut 
240 1 0 |a Ernesto  |9 Saba, Umberto 
245 1 0 |a Ernesto /  |c Umberto Saba. 
250 |a 2. ed 
260 |a Torino, Einaudi,  |c 1976 
300 |a 167 pag. ;  |c 21 cm. 
830 0 |a Einaudi letteratura ;  |v 46  |0 IT\ICCU\CFI\0002813 
942 |2 ddc  |c BK 
952 |0 0  |1 0  |2 ddc  |4 0  |6 853_914000000000000_SAB_ERN  |7 1  |9 2600  |a RN  |b RN  |d 2024-12-31  |l 0  |o 853.914 SAB ERN  |p 10040  |r 2024-12-31 14:34:34  |w 2024-12-31  |y BK 
981 1 |6 z01  |a i   |b xxxe  
982 1 |6 z01  |a n 
999 |c 2257  |d 2257